| 000 | 00677nam a2200181Ia 4500 | ||
|---|---|---|---|
| 008 | 151202s9999||||xx |||||||||||||| ||und|| | ||
| 082 | _bPNVM-63265 | ||
| 100 | _aजेम्स हॅडली चेस अनु. देखणे मनोहर. | ||
| 245 | _aटेरर. | ||
| 260 | _b"प्राजक्त प्रकाशन,पुणे." | ||
| 260 | _c63265 | ||
| 300 | _a144 | ||
| 600 | _aजेम्स हॅडली चेस अनु. देखणे मनोहर. | ||
| 630 | _aटेरर. | ||
| 700 | _aजेम्स हॅडली चेस अनु. देखणे मनोहर. | ||
| 730 | _aटेरर. | ||
| 942 | _cBOOK | ||
| 999 |
_c1329799 _d1329796 |
||